000 00765cam a22002415a 4500
001 E152918
008 110516s2010 xxka f 000 0 eng u
020 _a9781848061392
035 _a(Sirsi) u152918
041 0 _aeng
050 0 4 _a696 $2 18
100 1 _aShipp, Martin
245 0 0 _aLessons learned from real fires
260 _aWatford
_bIHS BRE
_c2010
300 _a8p.
_bill.
_c30cm.
490 0 _aBRE Digest
_vDG 515
520 _aLooks at the carrying out of fire investigations and discusses who undertakes these and the information that can be obtained from them. Includes case studies and references.
521 _aAdvanced
590 _aKA
651 4 _aUnited Kingdom
_y
690 _aMANAGEMENT-HEALTH AND SAFETY-FIRE SAFETY
942 _n0
999 _c112264
_d112264